Ekonomika a řízení elektrotechnické výroby 1 Řešené príklady
Saved in:
| Main Author: | |
|---|---|
| Corporate Author: | |
| Other Authors: | |
| Format: | Book |
| Language: | Czech |
| Published: |
Praha
Státní nakladatelství technické literatury
1986
|
| Edition: | 1. vyd. |
| Tags: |
No Tags, Be the first to tag this record!
|
MARC
| LEADER | 00000nam a2200000 4500 | ||
|---|---|---|---|
| 001 | c034145 | ||
| 005 | 20221220071433.1 | ||
| 041 | 0 | |a cze | |
| 044 | |a CZ | ||
| 245 | 1 | 0 | |a Ekonomika a řízení elektrotechnické výroby 1 |b Řešené príklady |c Miloš Konečný, Jitka Markvertová |
| 250 | |a 1. vyd. | ||
| 264 | 1 | |a Praha |b Státní nakladatelství technické literatury |c 1986 | |
| 300 | |a 160 s. | ||
| 100 | 1 | |a Konečný, Miloš | |
| 700 | 1 | |a Markvertová, Jitka | |
| 710 | 2 | |a Vysoké učení technické v Brně | |